黑龙江省城市 - Statistics

General Stats
  • This quiz has been taken 37 times
  • The average score is 11 of 13
Answers on the Grid
Answers color-coded by a green-red scale on the quiz's grid according to % correct below.
哈尔滨
齐齐哈尔
鸡西
鹤岗
双鸭山
大庆
伊春
佳木斯
七台河
牡丹江
黑河
绥化
大兴安岭
四平
兴安
松原
锦州
鞍山
赤峰
铁岭
通辽
通化
巴音郭楞
克孜勒苏
阿克苏
乌海
 
Answer Stats
Answer % Correct
齐齐哈尔
91%
双鸭山
91%
大兴安岭
91%
哈尔滨
86%
大庆
86%
牡丹江
86%
黑河
86%
绥化
86%
鸡西
82%
鹤岗
82%
伊春
82%
佳木斯
82%
七台河
82%
No matching quizzes found
Score Distribution
Percent of People with Each Score
Percentile by Number Answered
Your Score History
You have not taken this quiz